00544nam a22001817a 450000500170000001000150001702000260003202000230005803500140008103700130009508200170010824500710012526000340019630000210023049000350025150000550028670000210034120180608171322.0 aENG-123183 a9788178240954c695.00 a8178240955c695.00 aEN-106715 bDBAD/PUB a305.51220954 aCaste and democratic politics in India /cedited by Ghanshyam Shah a DelhibPermanent Blackc2017 a440p.c22cm(pbk) aEssential writings in politics ait include appendix and bibliographical references a Shah, Ghanshyam